000 00525nam a2200181Ia 4500
005 20250508160312.0
008 008 250505s9999 xx 000 0 eng d
037 _aTextual
040 _aFEDL
_beng
_cFEDL
041 _aeng
_2eng
084 _a420.7, QUI
_qFEDL
100 _aQuirk Randolph (et al...)
_9762401
245 0 _aTeaching of english: Studies in communication 3
260 _aLondon, UK
_bSecker and Warburg
_c1959
300 _a192p.
942 _cTEXL
_h420.7, QUI
999 _c1363493
_d1363493